[Event "Championnat de France 2022"]
[Site "ALBI"]
[Date "2022.08.17"]
[Round "5.5"]
[White "Uhrimov, Maxime"]
[Black "Thouard, Axel"]
[Result "0-1"]
[WhiteElo "1503"]
[BlackElo "1454"]
[PlyCount "114"]
[EventDate "2022.??.??"]

1. d4 {10} d5 {7} 2. Nf3 {11} Bf5 {20} 3. c4 {46} e6 {21} 4. Qb3 {109} Nc6 {226
} 5. Bd2 {422} Rb8 {110} 6. e3 {265} Nf6 {83} 7. Be2 {344} Bd6 {174} 8. O-O {
236} dxc4 {104} 9. Bxc4 {245} O-O {12} 10. Nc3 {40} Na5 {152} 11. Qa4 {60} Nxc4
{19} 12. Qxc4 {13} Ne4 {308} 13. Qe2 {183} Qf6 {388} 14. h3 {426} Qh6 {530} 15.
Rfd1 {671} Nxd2 {473} 16. Rxd2 {141} Rfe8 {194} 17. e4 {261} Bg6 {234} 18. e5 {
336} Bb4 {62} 19. a3 {88} Ba5 {41} 20. b4 {21} Bb6 {754} 21. Ne4 {220} Qf4 {69}
22. Re1 {119} Bh5 {90} 23. g4 {8} Bg6 {190} 24. Qe3 {30} Qxe3 {7} 25. Rxe3 {61}
Red8 {119} 26. Nc3 {84} Rd7 {197} 27. Ne2 {66} Rbd8 {260} 28. Rc3 {34} Kf8 29.
Rc4 {54} f6 {49} 30. exf6 {78} gxf6 {5} 31. g5 {360} Be4 {24} 32. Kg2 {33} fxg5
{99} 33. Kg3 {90} Bxf3 {45} 34. Kxf3 {2} e5 {29} 35. Ke4 {100} exd4 {33} 36.
Nxd4 {46} Rxd4+ {7} 37. Rdxd4 {11} Rxd4+ {6} 38. Rxd4 {2} Bxd4 {3} 39. Kxd4 {40
} Kf7 40. Ke5 {82} Kg6 {62} 41. Ke6 {142} h5 42. Kd7 {225} h4 43. Kxc7 {24} g4
{68} 44. hxg4 {26} h3 {9} 45. Kxb7 {6} h2 {4} 46. Kxa7 {154} h1=Q {9} 47. b5 {
25} Qa1 {45} 48. b6 {48} Qxa3+ {5} 49. Kb8 {63} Qa6 {52} 50. b7 {20} Kf6 {43}
51. Kc7 {43} Qc4+ {15} 52. Kb6 {26} Qb4+ {28} 53. Ka6 {229} Ke6 {63} 54. Ka7 {
232} Qa5+ {12} 55. Kb8 {5} Kd7 {18} 56. g5 {23} Kc6 {16} 57. Kc8 {18} Qc7# {9}
0-1

[Event "Championnat de France 2022"]
[Site "ALBI"]
[Date "2022.08.18"]
[Round "6.1"]
[White "Texier, Cesar"]
[Black "Lutz, Matteo"]
[Result "1-0"]
[WhiteElo "1551"]
[BlackElo "1516"]
[PlyCount "63"]
[EventDate "2022.??.??"]

1. e4 {2} c6 {2} 2. d4 {45} d5 {18} 3. e5 {33} c5 {18} 4. dxc5 {43} Nc6 {24} 5.
Nf3 {238} Bg4 {73} 6. Bf4 {1133} e6 {136} 7. Nbd2 {115} Bxc5 {253} 8. Nb3 {63}
Bb6 {70} 9. Bd3 {315} Nge7 {59} 10. O-O {394} O-O {68} 11. Bxh7+ {259} Kh8 {192
} 12. Bd3 {95} Ng6 {212} 13. Bxg6 {668} fxg6 {7} 14. Qd2 {57} Bxf3 {123} 15.
gxf3 {38} Rf5 {59} 16. Rae1 {514} g5 {317} 17. Bg3 {29} Rxf3 {27} 18. c3 {254}
Qe7 {1065} 19. Qe2 {64} Raf8 {52} 20. Nd2 {32} g4 {1340} 21. Nxf3 {165} gxf3 {5
} 22. Qd3 {48} Qg5 {12} 23. Kh1 {90} Rf5 {187} 24. Rg1 {80} Qh5 {76} 25. c4 {
265} dxc4 {488} 26. Qxc4 {101} Nd4 {76} 27. Re4 {57} Ne2 {1163} 28. Rh4 {39}
Nxg3+ {30} 29. Rxg3 {68} g6 {77} 30. Rxg6 {62} Kh7 {28} 31. Rxh5+ {11} Rxh5 {2}
32. Qxe6 {20} 1-0

[Event "Championnat de France 2022"]
[Site "ALBI"]
[Date "2022.08.18"]
[Round "6.2"]
[White "Loquet, Adam"]
[Black "Maxence, Paul"]
[Result "0-1"]
[WhiteElo "1544"]
[BlackElo "1544"]
[PlyCount "132"]
[EventDate "2022.??.??"]

1. d4 {2} Nf6 {5} 2. c4 {4} e6 {4} 3. Nc3 {5} d5 {3} 4. cxd5 {7} exd5 {6} 5.
Bg5 {6} Be7 {6} 6. e3 {6} h6 {5} 7. Bh4 {173} O-O {78} 8. Bd3 {28} c6 {121} 9.
Qc2 {225} Be6 {69} 10. Nf3 {93} Nbd7 {412} 11. O-O {29} Rc8 {133} 12. a3 {828}
c5 {1063} 13. dxc5 {7} Nxc5 {6} 14. Qe2 {213} Nfe4 {729} 15. Bxe7 {138} Nxc3 {
188} 16. Bxd8 {90} Nxe2+ {6} 17. Bxe2 {6} Rfxd8 {6} 18. Nd4 {313} Kf8 {259} 19.
Rfd1 {113} Na4 {115} 20. Rd2 {98} Nc5 {793} 21. Bf3 {590} Ne4 {230} 22. Rdd1 {
55} Ke7 {88} 23. h4 {236} Nd6 {228} 24. g3 {784} Nc4 {92} 25. b3 {75} Ne5 {71}
26. Bg2 {286} Rc3 {571} 27. Kf1 {220} Rdc8 {237} 28. b4 {434} a6 {249} 29. Ne2
{237} Rc2 {62} 30. Nd4 {676} Rb2 {84} 31. Kg1 {109} Ng4 {94} 32. Rf1 {92} Rc3 {
158} 33. Bf3 {113} Ne5 {88} 34. Rfc1 {22} Rxc1+ {89} 35. Rxc1 {4} Nc4 {25} 36.
Rc2 {81} Rb1+ {55} 37. Kg2 {13} Ra1 {75} 38. Be2 {107} b5 {36} 39. Rc3 {50}
Rxa3 {29} 40. Rxa3 {15} Nxa3 {8} 41. Nc6+ {33} Kd6 {53} 42. Nd4 {252} Nb1 {88}
43. Bd3 {185} Nc3 {285} 44. Kf1 {59} Na2 {149} 45. Nc2 {91} Nc1 {69} 46. Be2 {
122} Bf5 {72} 47. Nd4 {57} Bh7 {158} 48. Ke1 {402} Na2 {17} 49. Kd2 {22} Nxb4 {
8} 50. Kc3 {39} Nc6 {17} 51. Nf3 {218} b4+ {65} 52. Kb3 {27} a5 {20} 53. Bb5 {
74} Na7 {65} 54. Be8 {68} Ke7 {178} 55. Ba4 {7} Bd3 {40} 56. Nd4 {32} f6 {73}
57. f4 {60} g5 {26} 58. Kb2 {150} Kd6 {92} 59. Kc1 {119} Nc8 {117} 60. Kd2 {82}
Be4 {63} 61. Kc1 {100} Nb6 {22} 62. Bd1 {64} Nc4 {42} 63. Nb3 {78} a4 {15} 64.
Nd4 {34} b3 {12} 65. Nb5+ {15} Kc5 {13} 66. Nc3 {17} b2# {6} 0-1

[Event "Championnat de France 2022"]
[Site "ALBI"]
[Date "2022.08.18"]
[Round "6.3"]
[White "Thouard, Axel"]
[Black "Braule-Debaecker, Emeline"]
[Result "1-0"]
[WhiteElo "1454"]
[BlackElo "1531"]
[PlyCount "41"]
[EventDate "2022.??.??"]

1. e4 {2} d5 {10} 2. exd5 {6} Nf6 {12} 3. d4 {8} Bg4 {11} 4. Be2 {32} Bxe2 {22}
5. Qxe2 {22} Qxd5 {52} 6. Nf3 {20} Nc6 {51} 7. Nc3 {53} Qd7 {84} 8. Be3 {109}
O-O-O {405} 9. O-O-O {55} Nd5 {785} 10. Ne4 {686} e6 {663} 11. Ne5 {266} Nxe5 {
257} 12. dxe5 {9} Qa4 {249} 13. c4 {352} Qxa2 {1431} 14. cxd5 {60} Qa1+ {49}
15. Kd2 {30} Qa5+ {707} 16. Nc3 {120} Rxd5+ {155} 17. Kc2 {37} Rxd1 {172} 18.
Rxd1 {8} Qxe5 {26} 19. Qb5 {79} Qxb5 {73} 20. Nxb5 {7} a6 {15} 21. Na7+ {135}
1-0

[Event "Championnat de France 2022"]
[Site "ALBI"]
[Date "2022.08.18"]
[Round "6.4"]
[White "Leprince, Solal"]
[Black "Elsadig Bashir, Hussan"]
[Result "1-0"]
[WhiteElo "1474"]
[BlackElo "1524"]
[PlyCount "55"]
[EventDate "2022.??.??"]

1. e4 {1} e6 {6} 2. d4 {8} b6 {6} 3. Nf3 {237} Bb7 {14} 4. Bd3 {113} d5 {93} 5.
exd5 {170} Qxd5 {14} 6. Bf4 {118} Bd6 {214} 7. Nc3 {239} Qh5 {269} 8. Bxd6 {85}
Bxf3 {45} 9. Qxf3 {349} Qxf3 {13} 10. gxf3 {5} cxd6 {9} 11. Be4 {30} d5 {11}
12. Nxd5 {26} f5 {837} 13. Nc7+ {31} Kd7 {8} 14. Bxa8 {10} Kxc7 {7} 15. O-O-O {
94} Nf6 {157} 16. d5 {286} Nbd7 {328} 17. dxe6 {72} Rxa8 {469} 18. exd7 {27}
Nxd7 {7} 19. Rd5 {62} g6 {62} 20. Rhd1 {74} Nf8 {116} 21. Re5 {37} Kc6 {86} 22.
c3 {39} a6 {40} 23. Re7 {27} b5 {67} 24. Kc2 {14} a5 {59} 25. h4 {26} b4 {223}
26. cxb4 {60} axb4 {14} 27. Kb3 {30} Ra5 {137} 28. Rd8 {170} 1-0

[Event "Championnat de France 2022"]
[Site "ALBI"]
[Date "2022.08.19"]
[Round "7.11"]
[White "Maxence, Paul"]
[Black "Texier, Cesar"]
[Result "1/2-1/2"]
[WhiteElo "1544"]
[BlackElo "1551"]
[PlyCount "79"]
[EventDate "2022.??.??"]

1. d4 {2} Nf6 {7} 2. c4 {5} g6 {6} 3. Nc3 {5} Bg7 {5} 4. e4 {4} d6 {9} 5. Nf3 {
10} O-O {8} 6. Be2 {3} e5 {11} 7. O-O {13} exd4 {11} 8. Nxd4 {7} Re8 {5} 9. f3
{43} c6 {7} 10. Kh1 {97} d5 {136} 11. cxd5 {474} cxd5 {22} 12. Bg5 {166} Nc6 {
737} 13. Bb5 {614} Qb6 {1586} 14. Nxc6 {860} bxc6 {24} 15. Bxf6 {369} Bxf6 {94}
16. Nxd5 cxd5 {74} 17. Bxe8 Ba6 {673} 18. Bxf7+ {42} Kg7 19. Bxd5 {32} Bxf1 {
111} 20. Bxa8 {16} Bxg2+ {42} 21. Kxg2 {15} Qxb2+ {7} 22. Kh3 {310} Qxa1 {48}
23. Qxa1 {5} Bxa1 {6} 24. f4 {11} Bc3 {1817} 25. e5 {172} g5 {298} 26. Kg4 {108
} gxf4 {10} 27. Kxf4 {9} Kf7 {60} 28. Kf5 {44} Ke7 {87} 29. Bd5 {55} Bd2 {103}
30. Bg8 {173} h6 {7} 31. Ke4 {2} Bc1 {97} 32. Kd5 {39} Be3 {26} 33. a4 {19} Bf2
{22} 34. Be6 {44} Bg1 {23} 35. h3 {11} Be3 {28} 36. Bg4 {4} Bf2 {12} 37. e6 {7}
Be3 {18} 38. Ke5 {28} Bd2 {34} 39. Kd5 {75} Be3 {20} 40. Ke4 {20} 1/2-1/2

[Event "Championnat de France 2022"]
[Site "ALBI"]
[Date "2022.08.19"]
[Round "7.12"]
[White "Loquet, Adam"]
[Black "Thouard, Axel"]
[Result "0-1"]
[WhiteElo "1544"]
[BlackElo "1454"]
[PlyCount "68"]
[EventDate "2022.??.??"]

1. d4 {2} d5 {7} 2. c4 {6} c6 {4} 3. cxd5 {4} cxd5 {10} 4. Nc3 {5} Nf6 {44} 5.
Bf4 {6} Bf5 {43} 6. e3 {50} e6 {32} 7. Qb3 {72} Qb6 {78} 8. Qxb6 {565} axb6 {82
} 9. Nf3 {46} Nc6 {125} 10. a3 {257} Bb4 {559} 11. Rc1 {150} Bxc3+ {11} 12.
Rxc3 {40} O-O {149} 13. Bb5 {350} Ne4 {191} 14. Rc1 {33} Rfc8 {37} 15. O-O {910
} Na5 {28} 16. Ne5 {159} Nb3 {435} 17. Rxc8+ {250} Rxc8 {71} 18. g4 {44} Bg6 {
143} 19. Nxg6 {494} hxg6 {5} 20. f3 {526} Ned2 {170} 21. Rf2 {44} Rc2 {20} 22.
Ba4 {373} Rxb2 {22} 23. e4 {285} dxe4 {203} 24. Kg2 {456} exf3+ {129} 25. Kh3 {
10} e5 {284} 26. dxe5 {279} Nc5 {13} 27. Rxd2 {20} Nxa4 {115} 28. Rxb2 {44}
Nxb2 {10} 29. Be3 {155} Nc4 {34} 30. Bd4 {44} Nxa3 {70} 31. Bxb6 {10} Nc4 {10}
32. Bd4 {130} b5 {46} 33. Bc3 {70} Ne3 {134} 34. Kg3 {136} f2 {12} 0-1

[Event "Championnat de France 2022"]
[Site "ALBI"]
[Date "2022.08.19"]
[Round "7.13"]
[White "Penot, Matthieu"]
[Black "Gandreuil, Brice"]
[Result "1-0"]
[WhiteElo "1485"]
[BlackElo "1516"]
[PlyCount "61"]
[EventDate "2022.??.??"]

1. d4 {81} Nf6 {7} 2. c4 {26} g6 {9} 3. Nc3 {19} Bg7 {6} 4. e4 {24} d6 {7} 5.
Nf3 {42} O-O {10} 6. Be2 {24} e5 {21} 7. O-O {79} Nc6 {26} 8. d5 {45} Ne7 {11}
9. Ne1 {163} Ne8 {21} 10. Be3 {52} f5 {33} 11. f3 {7} f4 {24} 12. Bf2 {6} Nf6 {
169} 13. Rc1 {30} g5 {33} 14. c5 {112} Ng6 {160} 15. cxd6 {141} cxd6 {58} 16.
Nb5 {33} Rf7 {112} 17. Qc2 {66} Ne8 {88} 18. a4 {685} a6 {169} 19. Na3 {41} Bd7
{201} 20. Qb3 {569} h5 {211} 21. Nc4 {544} g4 {718} 22. Nb6 {956} Rb8 {472} 23.
Nxd7 {123} Rxd7 {235} 24. fxg4 {120} hxg4 {407} 25. Bxg4 {96} Nf6 {93} 26. Be6+
{342} Kf8 {145} 27. Bb6 {293} Qe8 {99} 28. Bc7 {247} Rxc7 {281} 29. Rxc7 {18}
Ne7 {88} 30. Qc2 {425} Qg6 {115} 31. Rxe7 {213} 1-0

[Event "Championnat de France 2022"]
[Site "ALBI"]
[Date "2022.08.19"]
[Round "7.14"]
[White "Lutz, Matteo"]
[Black "Leprince, Solal"]
[Result "1-0"]
[WhiteElo "1516"]
[BlackElo "1474"]
[PlyCount "65"]
[EventDate "2022.??.??"]

1. c4 {3} Nf6 {38} 2. Nc3 {29} e5 {15} 3. Nf3 {36} Nc6 {42} 4. e3 {65} d5 {50}
5. cxd5 {360} Nxd5 {39} 6. Bc4 {142} Nxc3 {195} 7. bxc3 {11} Qf6 {277} 8. Qb3 {
757} Bd6 {215} 9. Ba3 {87} O-O {228} 10. Bxd6 {175} Qxd6 {29} 11. Qc2 {81} Na5
{308} 12. Be2 {257} f5 {174} 13. d4 {94} e4 {245} 14. Ne5 {30} c5 {233} 15. O-O
{343} Nc6 {312} 16. Qb3+ {45} Be6 {9} 17. Bc4 {12} Rfe8 {336} 18. Nxc6 {219}
bxc6 {39} 19. dxc5 {14} Qe5 {369} 20. Rfd1 {43} Kf8 {160} 21. Rd6 {123} Rab8 {
100} 22. Rxe6 {26} Rxe6 {16} 23. Qa3 {178} Re7 {74} 24. Rd1 {36} Reb7 {120} 25.
g3 {458} Rb1 {186} 26. Rxb1 {44} Rxb1+ {6} 27. Kg2 {3} Qc7 {149} 28. Be6 {79}
g6 {82} 29. Qa4 {102} Rb5 {104} 30. Qd4 {26} Rb7 {248} 31. Qh8+ {573} Ke7 {11}
32. Bc8 {6} f4 {405} 33. gxf4 {273} 1-0

[Event "Championnat de France 2022"]
[Site "ALBI"]
[Date "2022.08.19"]
[Round "7.15"]
[White "Vigneau-Zorraquino, Cioran"]
[Black "Rolland Piegue, Sacha"]
[Result "1/2-1/2"]
[WhiteElo "1468"]
[BlackElo "1515"]
[PlyCount "98"]
[EventDate "2022.??.??"]

1. e4 {3} c6 {10} 2. d4 {2} d5 {7} 3. Nc3 {1} dxe4 {11} 4. Nxe4 {1} Bf5 {28} 5.
Ng3 {3} Bg6 {3} 6. h4 {7} h6 {13} 7. Nf3 {14} Nd7 {25} 8. h5 {9} Bh7 {13} 9.
Bd3 Bxd3 10. Qxd3 Ngf6 {13} 11. Bd2 {167} e6 {16} 12. O-O-O {27} Bd6 {62} 13.
Ne4 {36} Nxe4 {135} 14. Qxe4 {70} Nf6 {33} 15. Qe2 {2} Qc7 {131} 16. Kb1 {104}
O-O-O {259} 17. c4 {204} Rhe8 {106} 18. Bc3 {144} Kb8 {207} 19. Ne5 {337} Bxe5
{263} 20. dxe5 {175} Ng8 {25} 21. Rd6 {42} f6 {63} 22. Rhd1 {131} Ne7 {98} 23.
Rxd8+ {654} Rxd8 {148} 24. Rxd8+ {141} Qxd8 {100} 25. exf6 {4} gxf6 {7} 26.
Bxf6 {8} Qd7 {83} 27. g4 {66} Kc8 {39} 28. f4 {57} Ng8 {59} 29. Bc3 {233} c5 {
197} 30. b3 {264} b6 {234} 31. Qd2 {23} Qxd2 {290} 32. Bxd2 {2} Nf6 {17} 33. f5
{225} Nxg4 {50} 34. fxe6 {3} a6 {89} 35. Bf4 {50} Nf6 {56} 36. Bxh6 {5} Nxh5 {9
} 37. Kc2 {26} Nf6 {28} 38. Bg5 {84} Ne4 {160} 39. Bf4 {830} Nf6 {38} 40. Kd3 {
49} Kd8 {109} 41. Bd6 {279} Ne8 {117} 42. Bf8 {209} Nc7 {22} 43. e7+ {12} Ke8 {
5} 44. Ke4 {28} b5 {26} 45. Ke5 {24} Kd7 {29} 46. e8=Q+ {49} Nxe8 {19} 47. Bxc5
{3} Kc6 {22} 48. Be7 {88} Nc7 {19} 49. Bd6 {319} Ne8 {134} 1/2-1/2

[Event "Championnat de France 2022"]
[Site "ALBI"]
[Date "2022.08.20"]
[Round "8.1"]
[White "Texier, Cesar"]
[Black "Thouard, Axel"]
[Result "1-0"]
[WhiteElo "1551"]
[BlackElo "1454"]
[PlyCount "83"]
[EventDate "2022.??.??"]

1. e4 {2} c5 {8} 2. Nf3 {6} Nc6 {6} 3. d4 {10} cxd4 {6} 4. Nxd4 {5} g6 {6} 5.
Nc3 {252} Bg7 {8} 6. Be3 {8} Nf6 {19} 7. Bc4 {208} O-O {177} 8. Bb3 {23} d6 {
224} 9. f3 {155} Nxd4 {228} 10. Bxd4 {17} Be6 {36} 11. Qd2 {305} a6 {71} 12.
O-O-O {102} b5 {142} 13. Kb1 {363} Qd7 {239} 14. e5 {701} dxe5 {245} 15. Bxe5 {
48} Qxd2 {283} 16. Rxd2 {7} Ne4 {49} 17. Nxe4 {58} Bxe5 {11} 18. Bxe6 {64} fxe6
{7} 19. Rhd1 {365} Bc7 {288} 20. h3 {362} Rfd8 {169} 21. Rxd8+ {39} Rxd8 {11}
22. Rxd8+ {6} Bxd8 {5} 23. Nc5 {15} Kf7 {77} 24. Nxa6 {75} Bb6 {32} 25. Nb4 {
144} Kf6 {75} 26. Kc1 {30} Kf5 {95} 27. Nd3 {53} e5 {141} 28. Kd2 {250} e4 {46}
29. fxe4+ {34} Kxe4 {7} 30. Ke2 {173} e5 {150} 31. g3 {943} h5 {461} 32. Nf2+
Kf5 {321} 33. Kf3 Bc5 {728} 34. Ne4 {185} Be7 35. g4+ {533} hxg4+ {25} 36.
hxg4+ {6} Ke6 {10} 37. Ke3 {24} Kd5 {271} 38. Kd3 {12} Bd8 {134} 39. Nc3+ {11}
Kc5 {64} 40. Ke4 {23} Bc7 {333} 41. Ne2 {76} b4 {235} 42. Nc1 {Kd5+ 14 84} 1-0

[Event "Championnat de France 2022"]
[Site "ALBI"]
[Date "2022.08.20"]
[Round "8.2"]
[White "Maxence, Paul"]
[Black "Penot, Matthieu"]
[Result "1-0"]
[WhiteElo "1544"]
[BlackElo "1485"]
[PlyCount "97"]
[EventDate "2022.??.??"]

1. d4 {1} d5 {182} 2. c4 {6} c6 {20} 3. Nf3 {6} Nf6 {38} 4. Nc3 {8} dxc4 {18}
5. a4 {9} Bf5 {42} 6. e3 {12} e6 {32} 7. Bxc4 {8} Nbd7 {25} 8. O-O {59} Bb4 {11
} 9. h3 {118} Bg6 {382} 10. Nh4 {137} Bh5 {1108} 11. Be2 {352} Bxe2 {97} 12.
Nxe2 {52} g5 {432} 13. Nf3 {62} g4 {75} 14. hxg4 {172} Nxg4 {188} 15. e4 {516}
Rg8 {644} 16. e5 {1473} Nb6 {538} 17. Qd3 {657} Qd7 {811} 18. Qxh7 {304} O-O-O
{29} 19. Bg5 {460} Be7 {338} 20. Bxe7 {532} Qxe7 {9} 21. a5 {89} Nd5 {83} 22.
a6 {175} b6 {11} 23. Rfc1 {34} Kd7 {27} 24. Qe4 {236} Qf8 {353} 25. Nf4 {120}
Qg7 {110} 26. Nxd5 {86} exd5 {11} 27. Qf5+ {24} Kc7 {74} 28. Rxc6+ {198} Kb8 {
34} 29. Qf4 {145} Nxf2 {102} 30. Kxf2 {56} Rc8 {378} 31. Rxc8+ {130} Kxc8 {29}
32. Rc1+ {24} Kd8 {24} 33. Qh4+ {25} Kd7 {19} 34. Qh3+ {11} Qg4 {32} 35. Qxg4+
{58} Rxg4 {7} 36. e6+ {21} Kxe6 {36} 37. Rc7 {11} Rg8 {22} 38. Rxa7 {10} Rc8 {9
} 39. Rb7 {33} Rc2+ {11} 40. Kg3 {7} Rxb2 {11} 41. a7 {5} Ra2 {30} 42. Rxb6+ {5
} Kf5 {7} 43. Rb7 {16} f6 {17} 44. Nd2 {86} Ra3+ {64} 45. Nb3 {165} Ke6 {33}
46. Kf4 {97} Ra2 {38} 47. Nc5+ {25} Kd6 {52} 48. Rb6+ {4} Ke7 {22} 49. Ra6 {7}
1-0

[Event "Championnat de France 2022"]
[Site "ALBI"]
[Date "2022.08.20"]
[Round "8.3"]
[White "Detrait, Aurelien"]
[Black "Lutz, Matteo"]
[Result "1-0"]
[WhiteElo "1384"]
[BlackElo "1516"]
[PlyCount "104"]
[EventDate "2022.??.??"]

1. e4 {3} c6 {3} 2. d4 {4} d5 {19} 3. e5 {157} c5 {13} 4. dxc5 {75} Nc6 {29} 5.
Nf3 {152} Bg4 {27} 6. c3 {263} Bxf3 {203} 7. Qxf3 {16} Nxe5 {9} 8. Bb5+ {279}
Nc6 {6} 9. Be3 {144} e6 {54} 10. b4 {154} Nge7 {196} 11. O-O {706} Ng6 {285}
12. Rd1 {148} Qc7 {558} 13. c4 {986} dxc4 {539} 14. Nc3 {476} Be7 {110} 15.
Bxc6+ {186} Qxc6 {367} 16. Qxc6+ {55} bxc6 {4} 17. a4 {54} O-O {70} 18. Rab1 {
336} Ne5 {797} 19. Rd4 {610} a5 {845} 20. Re4 {383} axb4 {114} 21. Rxb4 {20} f6
{119} 22. Rb7 {63} Kf7 {175} 23. Bf4 {141} Rfb8 {54} 24. Rxb8 {55} Rxb8 {9} 25.
Bxe5 {11} fxe5 {7} 26. Rxc4 {22} Bd8 {191} 27. f3 {97} Bg5 {230} 28. Ne4 {167}
Be3+ {9} 29. Kf1 {4} Rb2 {58} 30. Rc3 {39} Bd4 {9} 31. Ra3 {5} Ke7 {216} 32. a5
{203} Rb8 {14} 33. Ke2 {107} Kd7 {63} 34. Kd3 {49} Kc7 {146} 35. Ra2 {105} Rb1
{58} 36. Ng5 {122} Bxc5 {452} 37. Nxe6+ {36} Kd6 {8} 38. Nxg7 {6} Rb3+ {97} 39.
Ke4 {29} Re3+ {84} 40. Kf5 Ra3 {13} 41. Rxa3 {41} Bxa3 {6} 42. a6 {24} Bc5 {16}
43. Ne8+ {9} Kd5 {17} 44. Nf6+ {55} Kd4 {63} 45. Nd7 {4} Ba7 {10} 46. Nxe5 {7}
c5 {7} 47. h4 {24} c4 {187} 48. Nxc4 {13} Kxc4 {7} 49. g4 {3} h6 {18} 50. g5 {4
} Be3 {48} 51. g6 {7} Bd4 {11} 52. a7 {8} Kd5 {345} 1-0

[Event "Championnat de France 2022"]
[Site "ALBI"]
[Date "2022.08.20"]
[Round "8.4"]
[White "Roche, Philippe"]
[Black "Roux, Nathan"]
[Result "0-1"]
[WhiteElo "1548"]
[BlackElo "1486"]
[PlyCount "44"]
[EventDate "2022.??.??"]

1. e4 {5} e5 {7} 2. Nf3 {12} Nf6 {7} 3. Nxe5 {30} d6 {8} 4. Nf3 {23} Nxe4 {8}
5. d4 {35} d5 {8} 6. Bd3 {38} Bd6 {12} 7. O-O {48} O-O {20} 8. Re1 {90} Bf5 {48
} 9. Be3 {403} Bg6 {253} 10. c3 {233} c6 {162} 11. Qc2 {31} f5 {109} 12. Bc1 {
405} Nd7 {487} 13. Nbd2 {281} Ndf6 {392} 14. Ne5 {307} Bxe5 {354} 15. dxe5 {8}
Ng4 {61} 16. Bxe4 {835} fxe4 {45} 17. Qd1 {1460} Qh4 {302} 18. h3 {108} Qxf2+ {
69} 19. Kh1 {14} Qg3 {546} 20. Qxg4 {406} Qxe1+ {16} 21. Kh2 {23} e3 {464} 22.
Nb3 {39} Rf1 {25} 0-1

[Event "Championnat de France 2022"]
[Site "ALBI"]
[Date "2022.08.20"]
[Round "8.5"]
[White "Samouelian, Solal"]
[Black "Vigneau-Zorraquino, Cioran"]
[Result "1-0"]
[WhiteElo "1543"]
[BlackElo "1468"]
[PlyCount "141"]
[EventDate "2022.??.??"]

1. e4 {67} c5 {2} 2. Nf3 {26} Nc6 3. d4 {32} cxd4 {4} 4. Nxd4 {32} g6 {5} 5. c4
{27} Bg7 {3} 6. Be3 {26} Nf6 {2} 7. Nc3 {41} Ng4 {6} 8. Qxg4 {14} Nxd4 {11} 9.
Qd1 {19} Ne6 {29} 10. Qd2 {77} d6 {474} 11. Be2 {70} Bd7 {26} 12. O-O {129} O-O
{217} 13. Rac1 {215} Bc6 {215} 14. b4 {42} b6 {303} 15. Rfd1 {118} Re8 {1145}
16. f3 {78} Bb7 {308} 17. Nd5 {324} Rc8 {81} 18. a4 {225} Bxd5 {259} 19. exd5 {
198} Nf8 {138} 20. Rc2 {655} Nd7 {88} 21. f4 {66} f5 {312} 22. Bd3 {165} Nf6 {
185} 23. Ra2 {81} Ng4 {198} 24. a5 {44} Kh8 {394} 25. Kh1 {134} Nxe3 {3} 26.
Qxe3 {33} Qc7 {166} 27. Rc1 {132} Bf6 {181} 28. h3 {205} Rb8 {413} 29. a6 {148}
Qd7 {47} 30. Re2 {148} Rbc8 {80} 31. b5 {226} Rc7 {297} 32. Qf3 {85} e5 {167}
33. dxe6 {58} Rxe6 {2} 34. Qa8+ {349} Kg7 {78} 35. Rce1 {106} Rxe2 {60} 36.
Rxe2 {120} Rc8 {29} 37. Qd5 {95} Rc5 {200} 38. Qb7 {96} Rc7 {2} 39. Qf3 {1391}
h5 {213} 40. Rd2 {87} Rc8 {95} 41. Qd5 {63} Rc5 {30} 42. Qf3 {40} Rc8 {3} 43.
Bf1 {94} h4 {40} 44. Qd5 {250} Rd8 {195} 45. Be2 {60} Qe7 {40} 46. Qf3 {178}
Qe4 {195} 47. Rd1 {406} Qxf3 {544} 48. Bxf3 {6} Be7 {9} 49. Kg1 {50} Bf8 {8}
50. c5 {44} bxc5 {73} 51. b6 {14} axb6 {21} 52. a7 {7} b5 {66} 53. a8=Q {33}
Rxa8 {2} 54. Bxa8 {10} Kf6 {14} 55. Bc6 {31} b4 {3} 56. Bd5 {5} g5 {32} 57.
fxg5+ {14} Kxg5 {2} 58. Kf2 {19} Bg7 {9} 59. g3 {98} Be5 {68} 60. gxh4+ {15}
Kxh4 {2} 61. Kf3 {14} Bg3 {181} 62. Be6 {70} Be5 {63} 63. Bxf5 {235} b3 {2} 64.
Kg2 {75} b2 {27} 65. Rd5 {110} c4 {32} 66. Rb5 {55} c3 {135} 67. Rb7 {66} Kg5 {
69} 68. Bb1 {26} Kf4 {16} 69. Kf2 {14} Bd4+ {11} 70. Ke2 {6} Kg3 {12} 71. h4 {
11} 1-0

[Event "Championnat de France 2022"]
[Site "ALBI"]
[Date "2022.08.21"]
[Round "9.1"]
[White "Detrait, Aurelien"]
[Black "Texier, Cesar"]
[Result "0-1"]
[WhiteElo "1384"]
[BlackElo "1551"]
[PlyCount "132"]
[EventDate "2022.??.??"]

1. e4 {3} c5 {6} 2. Nf3 {7} d6 {7} 3. d4 {13} Nf6 {92} 4. Nc3 {87} cxd4 {5} 5.
Qxd4 {17} a6 {274} 6. Bc4 {61} Nc6 {56} 7. Qd3 {40} e6 {446} 8. Bf4 {297} d5 {
1063} 9. exd5 {595} Nb4 {19} 10. Qd2 {108} Nbxd5 {284} 11. Nxd5 {229} exd5 {21}
12. O-O-O {204} Be6 {56} 13. Bb3 {44} Bc5 {710} 14. Be3 {1409} Bxe3 {226} 15.
Qxe3 {67} O-O {31} 16. Nd4 {283} Re8 {368} 17. f3 {290} Qc7 {140} 18. Qg5 {156}
h6 {451} 19. Qd2 {12} a5 {181} 20. a4 {52} Rad8 {80} 21. g4 {167} Nd7 {70} 22.
g5 {224} hxg5 {117} 23. Qxg5 {20} Qe5 {203} 24. Qg2 {568} Nc5 {59} 25. Kb1 {44}
Bf5 {237} 26. Ka2 {48} Nd3 {126} 27. c3 {291} Bh7 {300} 28. h4 {241} Nc5 {150}
29. Bc2 {5} Bxc2 {65} 30. Qxc2 {4} Ne6 {38} 31. Rhg1 {108} Kf8 {214} 32. Qb3 {
279} Rd7 {48} 33. Qb5 {78} Qc7 {59} 34. h5 {31} Rdd8 {48} 35. Ka1 {110} Nxd4 {
88} 36. Rxd4 {6} Qe5 {82} 37. h6 {79} g6 {39} 38. Qxa5 {114} Qh2 {60} 39. Rgd1
{20} Qxh6 {29} 40. Rxd5 {25} Ra8 {37} 41. Qb4+ {32} Kg8 {163} 42. f4 {89} Qh4 {
180} 43. Ka2 {173} Re6 {775} 44. R1d4 {411} Qf6 {147} 45. Qxb7 {55} Rea6 {142}
46. Rd8+ {84} Rxd8 {9} 47. Rxd8+ {2} Kg7 {61} 48. Rd4 {25} Qe6+ {43} 49. Qb3 {
11} Qc6 {65} 50. Qc4 {132} Qb7 {92} 51. Re4 {104} Rb6 {95} 52. b4 {86} Rd6 {91}
53. a5 {29} Qd7 {37} 54. Kb3 {23} Rd1 {38} 55. Re2 {55} Qf5 {159} 56. a6 {50}
Rb1+ {66} 57. Rb2 {18} Ra1 {20} 58. Ra2 {23} Qb1+ {29} 59. Ka3 {1} Qc1+ {27}
60. Kb3 {99} Qb1+ {24} 61. Ka3 {196} Qc1+ {3} 62. Kb3 {12} Qb1+ {4} 63. Rb2 {4}
Qd1+ {5} 64. Rc2 {51} Rb1+ {48} 65. Ka3 {1} Qxc2 {19} 66. b5 {4} Qb2+ {13} 0-1